[Event "IECC M email"]
[Site "IECC email"]
[Date "2001.07.10"]
[Round "?"]
[White "Pfeiffer, Andre"]
[Black "Griffin, Peter"]
[Result "1-0"]
[WhiteElo "1805"]
[BlackElo "1592"]
[PlyCount "101"]
[EventDate "2001.??.??"]
[EventType "tourn (corr)"]
[EventRounds "6"]
[SourceTitle "Corr 2008"]
[Source "ChessBase"]
[SourceDate "2008.06.24"]
[SourceVersion "1"]
[SourceVersionDate "2008.06.24"]
[SourceQuality "1"]

1. g4 d5 2. Bg2 c6 3. h3 e5 4. d4 e4 5. c4 Be6 6. Qb3 Qd7 7. Nc3 dxc4 8. Qd1 Bd5 9. Nxe4 Bb4+ 10. Kf1 Na6 11. Qc2 Be7 12. Bd2 Bxe4 13. Qxe4 Nf6 14. Qf4 Rd8 15. Nf3 Nd5 16. Qe4 g6 17. Ne5 Qe6 18. Nxc4 Nf6 19. Qxe6 fxe6 20. Na5 Nd5 21. Bh6 Rd7 22. Rd1 Bf8 23. Bxf8 Rxf8 24. Nc4 Nab4 25. a3 b5 26. axb4 bxc4 27. Bxd5 cxd5 28. Ra1 Rb7 29. Ra4 Ke7 30. h4 Rfb8 31. h5 Kf6 32. hxg6 hxg6 33. f4 Rxb4 34. Rxa7 R8b7 35. Rxb7 Rxb7 36. Kf2 Rxb2 37. Kf3 Rb3+ 38. e3 Kg7 39. Ra1 Rb2 40. Ra7+ Kf8 41. Kg3 Ke8 42. Rg7 Rb1 43. Rxg6 c3 44. Rxe6+ Kd7 45. Re5 Kd6 46. e4 c2 47. Rxd5+ Ke7 48. Re5+ Kf8 49. Rc5 c1Q 50. Rxc1 Rxc1 51. d5 1-0